লোডিং...

Colorimetric methods of analysis, Vol.3

গ্রন্থ-পঞ্জীর বিবরন
প্রধান লেখক: Snell, Foster Dee; Snell, Cornelia T
বিন্যাস: Printed Book
প্রকাশিত: Robert E Krieger Publishing Co., New York 1974
সংস্করন:3
বিষয়গুলি:
LEADER 00589nam a2200193 4500
020
082 |a 542 SNE-C3.3 
100 |a Snell, Foster Dee; Snell, Cornelia T 
245 |a Colorimetric methods of analysis, Vol.3 
250 |a 3 
260 |a Robert E Krieger Publishing Co., New York  |c 1974 
300 |a 606 
490
500
590 |a adithyadev  |b 2011-04-04 11:54:51 
650 |a Laboratories, apparatus, equipment 
942 |c BK 
999 |c 97853  |d 97853 
952 |0 0  |1 0  |4 0  |6 542_000000000000000_SNEC3_3  |7 0  |9 111321  |a AQU  |b AQU  |l 0  |o 542 SNE-C3.3  |p AQU04345  |r 2019-09-25  |w 2019-09-25  |y BK